Benjamin Constant : la fragilidad política /
שמור ב:
| מחבר ראשי: | |
|---|---|
| פורמט: | ספר |
| שפה: | ספרדית |
| יצא לאור: |
México :
Sexto Piso,
2003, c2003
|
| נושאים: | |
| תגים: |
אין תגיות, היה/י הראשונ/ה לתייג את הרשומה!
|
MARC
| LEADER | 00000nam^a2200000^a^4500 | ||
|---|---|---|---|
| 001 | 000163332 | ||
| 005 | 20250521000000.0 | ||
| 009 | 20260310100904.502 | ||
| 020 | |a 96-856-7910-7 | ||
| 037 | |a Acervo ITESO - Biblioteca | ||
| 041 | |a ESP | ||
| 082 | |a 320. 51 |b QUI | ||
| 100 | |a Quintanilla Obregón, Lourdes |e (autor) | ||
| 245 | 1 | 0 | |a Benjamin Constant : |b la fragilidad política / |c L. Quintanilla Obregón. |
| 264 | 4 | |a México : |b Sexto Piso, |c 2003, c2003 | |
| 300 | |a 159 p. | ||
| 336 | |a texto |b txt |2 rdacontenido | ||
| 337 | |a sin mediación |b n |2 rdamedio | ||
| 338 | |a volumen |b nc |2 rdasoporte | ||
| 649 | |a XX | ||
| 650 | |a Escritores Franceses | ||
| 650 | |a Filósofos Franceses | ||
| 650 | |a Liberalismo - |z Francia | ||
| 650 | |a Sistema Político | ||
| 650 | |a Organización Política | ||
| 650 | |a Filosofía Política | ||
| 650 | |a Etica | ||
| 650 | |a Cristianismo | ||
| 650 | |a Religión | ||
| 650 | |a Política y Religión | ||
| 650 | |a Política - |x Teoría | ||
| 650 | |a Francia - |x Historia - |y Revolución Liberal Burguesa, 1774-1848 | ||
| 650 | |a Francia - |x Historia - |y Restauración, 1815-1848 | ||
| 650 | |a Francia - |x Historia - |y Siglo XIX | ||
| 650 | |a Constant, Benjamin | ||
| 910 | |a Fondo General | ||
| 920 | |a Impresos - Libros | ||
| 930 | |a Colección General | ||
| 905 | |a 101 | ||
| 901 | |a 0500096315 |b IT1 |c ACC |u 20250521 | ||
| 902 | |a https://opac.biblio.iteso.mx/vufind/Record/000163332 | ||